00340pab a2200133 454500008004000000100001800040245006300058260000900121300001000130362000800140650001400148700002400162773002000186180718b1998 xxu||||| |||| 00| 0 eng d aMisra, Shikha aGender sensitivity and barriers in education - an overview c1998 ap.1-4 aJan aEducation aAgarwal, Subhash C. aUniversity News